00560 2200217 4500001002100000005001500021035002000036007000300056008004100059020002200100082001100122084001700133100001200150245005600162250001100218260003100229300004800260650001000308600000800318990001600326INLIS00000000000044520221103105950 a0010-1122000039ta221103 b 0 ind  a978-602-434-261-6 a372.35 a372.35 SUD e0 aSudibyo1 aErlangga RPAL :bENERGI DAN PERUBAHANNYA /cSudibyo aCet. I aJakarta :bErlangga,c2018 a139 halaman :bilustrasi berwarna ;c20 cm 4asains 4aIPA a00000000580